| 000 | 00539nam a22001337a 4500 | ||
|---|---|---|---|
| 008 | 140925b xxu||||| |||| 00| 0 eng d | ||
| 050 | _aBX1912.5.N337 | ||
| 100 |
_aNcube, Raphael Mabuza Fr. _911663 |
||
| 245 |
_aCalled, Chosen, Consecrated and Sent _bthe spirituality, life and ministry of the Diocesan Priests for Ministry in Africa today _cFr. Raphael Mabuza Ncube |
||
| 260 |
_aPlumtree _bIlizwe Publications _c2014 |
||
| 300 |
_aiv, 181p. ; _c23cm. |
||
| 650 |
_aCatholic Church _xClergy _xReligious life _911664 |
||
| 942 |
_2lcc _cMONOGRAPH |
||
| 999 |
_c120960 _d120960 |
||